[Event "22nd WCh U20 Girls"]
[Site "Kochi IND"]
[Date "2004.11.30"]
[Round "13.13"]
[White "Nimmy, A. G."]
[Black "Raghavi, Nagarajan"]
[Result "1/2-1/2"]
[WhiteElo "2063"]
[BlackElo "2117"]
[EventDate "2004.11.20"]
[PlyCount "39"]

1.e4 c5 2.Nf3 Nc6 3.d4 cxd4 4.Nxd4 Nf6 5.Nc3 e5 6.Ndb5 d6 7.Bg5 a6 8.Na3 
b5 9.Nd5 Be7 10.Bxf6 Bxf6 11.c4 b4 12.Nc2 a5 13.Be2 Bg5 14.Bg4 Be6 15.O-O 
O-O 16.g3 f5 17.exf5 Bxf5 18.Bxf5 Rxf5 19.Nde3 Rf7 20.Qd5 1/2-1/2

[Event "22nd WCh U20 Girls"]
[Site "Kochi IND"]
[Date "2004.11.30"]
[Round "13.14"]
[White "Meenu, Rajendran"]
[Black "Chandra, Koneru"]
[Result "0-1"]
[WhiteElo "1979"]
[BlackElo "2107"]
[EventDate "2004.11.20"]
[PlyCount "64"]

1.e4 c5 2.Nc3 a6 3.f4 b5 4.Nf3 Bb7 5.d3 e6 6.Ne2 d6 7.Ng3 Nf6 8.e5 Nfd7 9.
Be3 Qc7 10.exd6 Bxd6 11.Qd2 Nf6 12.Ne2 O-O 13.h3 Nbd7 14.Nc3 b4 15.Ne4 
Bxe4 16.dxe4 Nxe4 17.Qc1 e5 18.f5 Ng3 19.Rg1 e4 20.Nh4 Nxf1 21.Kxf1 Bg3 
22.Bf2 Rfe8 23.Qe3 Bf4 24.Qe2 e3 25.Be1 Nf6 26.g3 Be5 27.Rb1 Ne4 28.g4 Bg3
29.Nf3 Bf2 30.Rg2 Ng3+ 31.Rxg3 Qxg3 32.Bxf2 Qxh3+ 0-1

[Event "22nd WCh U20 Girls"]
[Site "Kochi IND"]
[Date "2004.11.30"]
[Round "13.17"]
[White "Anuprita, Patil"]
[Black "Elappen, Jenine"]
[Result "1-0"]
[WhiteElo "2081"]
[BlackElo "2031"]
[EventDate "2004.11.20"]
[PlyCount "101"]

1.d4 Nf6 2.Nf3 b6 3.Bf4 e6 4.e3 Bb7 5.Nbd2 Be7 6.h3 O-O 7.Bd3 d5 8.O-O c5 
9.c3 Nbd7 10.Ne5 Re8 11.Re1 Nf8 12.Bb5 N8d7 13.Qa4 Nb8 14.Bxe8 Nxe8 15.Qd1
Bd6 16.Qh5 Qe7 17.a4 a5 18.Ndf3 f6 19.Nd3 Nd7 20.Bxd6 Nxd6 21.Nd2 e5 22.
Qd1 e4 23.Nf4 g5 24.Ne2 Kh8 25.Ng3 cxd4 26.cxd4 f5 27.Ne2 Rf8 28.g3 h5 29.
Kh2 Qh7 30.Rg1 h4 31.Qe1 hxg3+ 32.fxg3 Nf6 33.Kg2 Rg8 34.Rc1 f4 35.exf4 e3
36.Nf3 gxf4 37.Nxf4 Nf5 38.Ne2 Ne4 39.Kh2 Nf2 40.Nf4 Nh6 41.Nh4 Nf5 42.
Nxf5 Qxf5 43.Qxe3 Ne4 44.Rc7 Bc8 45.g4 Qf6 46.Nh5 Qg6 47.Qf4 Re8 48.Rf7 
Ng5 49.Rf8+ Rxf8 50.Qxf8+ Kh7 51.Nf6+ 1-0